<?xml version="1.0" encoding="UTF-8"?>
<record
    xmlns:xsi="http://www.w3.org/2001/XMLSchema-instance"
    xsi:schemaLocation="http://www.loc.gov/MARC21/slim http://www.loc.gov/standards/marcxml/schema/MARC21slim.xsd"
    xmlns="http://www.loc.gov/MARC21/slim">

  <leader>00567nam a22001817a 4500</leader>
  <datafield tag="999" ind1=" " ind2=" ">
    <subfield code="c">190031</subfield>
    <subfield code="d">190031</subfield>
  </datafield>
  <controlfield tag="005">20220715165053.0</controlfield>
  <datafield tag="010" ind1=" " ind2=" ">
    <subfield code="a">ENG-133613</subfield>
  </datafield>
  <datafield tag="020" ind1=" " ind2=" ">
    <subfield code="c">525.00</subfield>
    <subfield code="a">9789390961320 </subfield>
  </datafield>
  <datafield tag="035" ind1=" " ind2=" ">
    <subfield code="a">EN-117145</subfield>
  </datafield>
  <datafield tag="037" ind1=" " ind2=" ">
    <subfield code="b">DBAD/PUB</subfield>
  </datafield>
  <datafield tag="082" ind1=" " ind2=" ">
    <subfield code="a">791.43615</subfield>
  </datafield>
  <datafield tag="100" ind1=" " ind2=" ">
    <subfield code="a">Talwar,Shyaonti </subfield>
  </datafield>
  <datafield tag="245" ind1=" " ind2=" ">
    <subfield code="a">The devi in the diva:</subfield>
    <subfield code="c">by Shyaonti Talwar</subfield>
    <subfield code="b">myths archetypes brands films/</subfield>
  </datafield>
  <datafield tag="260" ind1=" " ind2=" ">
    <subfield code="a">New Delhi</subfield>
    <subfield code="c">2022</subfield>
    <subfield code="b">Vitasta Publishing</subfield>
  </datafield>
  <datafield tag="270" ind1=" " ind2=" ">
    <subfield code="a">2/15 Ansari Road,Daryaganj,</subfield>
    <subfield code="b">New Delhi </subfield>
    <subfield code="e">110002</subfield>
  </datafield>
  <datafield tag="300" ind1=" " ind2=" ">
    <subfield code="a">320p.</subfield>
    <subfield code="c">22cm(pbk)</subfield>
    <subfield code="b">ill</subfield>
  </datafield>
  <datafield tag="942" ind1=" " ind2=" ">
    <subfield code="2">ddc</subfield>
    <subfield code="c">EN</subfield>
    <subfield code="h">791.43615</subfield>
    <subfield code="m">TAL</subfield>
  </datafield>
  <datafield tag="952" ind1=" " ind2=" ">
    <subfield code="0">0</subfield>
    <subfield code="1">0</subfield>
    <subfield code="4">0</subfield>
    <subfield code="7">0</subfield>
    <subfield code="8">NFIC</subfield>
    <subfield code="a">BN</subfield>
    <subfield code="b">BN</subfield>
    <subfield code="d">2022-07-15</subfield>
    <subfield code="e">DBAD/PUB</subfield>
    <subfield code="g">525.00</subfield>
    <subfield code="l">0</subfield>
    <subfield code="o">791.43615 TAL</subfield>
    <subfield code="p">EN-117145</subfield>
    <subfield code="r">2022-07-15 00:00:00</subfield>
    <subfield code="t">1</subfield>
    <subfield code="v">525.00</subfield>
    <subfield code="y">EN</subfield>
  </datafield>
</record>
